000 00401nam a2200157 4500
001 119563
003 ES-MaACL
005 20230906191336.0
007 t|
008 070214s1916 sp r ||||1| spa d
100 0 _aPijoán, José.
_992010
245 1 0 _aHistoria del mundo /
_cJosé Pijoan.
260 _aBarcelona :
_bSalvat,
_c1926.
300 _a5 v. ;
_c26 cm.
852 _aES-MaACL
_jF-15468-72
999 _c119563
_d119563